000 00679nam a2200229Ia 4500
003 OSt
005 20220923221002.0
006 a|||||r|||| 00| 0
007 ta
008 220922b |||||||| |||| 00| 0 hin d
024 _a193,347
037 _cTextual
040 _aARTS
_cARTS
_bhin
041 _2hin
_ahin
082 _aV2:25wM97, 152J6(_)
100 _aवाजपेयी, किशोरीदास
245 0 _aसुभाषचन्द्र बोस
246 _aSubhāṣhachandra bosa
260 _c1956
942 _hV2:25wM97, 152J6(_)
_cTEXL
_2CC
999 _c345815
_d345815